000 00648nam a22002417a 4500
003 UA-OsUOA
001 43780
007 ta
008 20091105b un ||||| |||| 00| 0 ukr d
100 _aВоробець В.
700 _aВолинець Б.
090 _a09.-631
_bВ75
942 _cBK
040 _aUA-OsUOA
_bukr
_cUA-OsUOA
_dUA-OsUOA
245 _aПро помічні погної та як їх уживати
300 _a62 с.
955 _a4
041 _aukr
080 _a09.-631
260 _aЛьвів
_b"Сільський господар"
_c1928
650 7 _a0 Загальний відділ.
_2UDC
999 _c442255
_d442255